| 000 -LEADER |
| fixed length control field |
01002nam a2200241Ia 4500 |
| 001 - CONTROL NUMBER |
| control field |
9474 |
| 003 - CONTROL NUMBER IDENTIFIER |
| control field |
GE_BSU |
| 008 - FIXED-LENGTH DATA ELEMENTS--GENERAL INFORMATION |
| fixed length control field |
181216s||||||||xx |||||||||||||| ||und|| |
| 020 ## - INTERNATIONAL STANDARD BOOK NUMBER |
| International Standard Book Number |
9789941903328 |
| 040 ## - CATALOGING SOURCE |
| Transcribing agency |
GE_BSU |
| 080 ## - UNIVERSAL DECIMAL CLASSIFICATION NUMBER |
| Universal Decimal Classification number |
69:658+69:658.51+693.002.5-52 |
| 100 ## - MAIN ENTRY--PERSONAL NAME |
| Personal name |
ბიჭიაშვილი,ჯონი,ნიჟარაძე,გენო, სიჭინავა,გიორგი |
| 245 ## - TITLE STATEMENT |
| Title |
შენებლობის ორგანიზაცია,მექანიზაცია,ავტომატიზაცია,დაგეგმვა და მენეჯმენტი წ.1.ნაწ.2 |
| 245 ## - TITLE STATEMENT |
| Statement of responsibility, etc. |
რედ.ბიჭიაშვილი ჯონი |
| 260 ## - PUBLICATION, DISTRIBUTION, ETC. |
| Place of publication, distribution, etc. |
თბილისი |
| 260 ## - PUBLICATION, DISTRIBUTION, ETC. |
| Name of publisher, distributor, etc. |
ლეგა |
| 260 ## - PUBLICATION, DISTRIBUTION, ETC. |
| Date of publication, distribution, etc. |
2008 |
| 300 ## - PHYSICAL DESCRIPTION |
| Extent |
520გვ.20სმ. |
| 300 ## - PHYSICAL DESCRIPTION |
| Accompanying material |
ბიბლიოგრ. გვ.507-514 |
| 653 ## - INDEX TERM--UNCONTROLLED |
| Uncontrolled term |
შენებლობის ორგანიზაცია |
| 942 ## - ADDED ENTRY ELEMENTS (KOHA) |
| Koha item type |
წიგნი |